[Event "COL-ch disabled 2nd"]
[Site "Cali"]
[Date "2008.10.25"]
[Round "1.16"]
[White "Restrepo, Jose Jaime"]
[Black "Caballero, Vladimir"]
[Result "0-1"]
[WhiteElo "1600"]
[BlackElo "1600"]
[PlyCount "35"]
[EventDate "2008.10.25"]
[EventType "swiss"]
[EventRounds "7"]
[EventCountry "COL"]
[SourceTitle "EXT 2024"]
[Source "ChessBase"]
[SourceDate "2023.10.10"]
[SourceVersion "1"]
[SourceVersionDate "2023.10.10"]
[SourceQuality "1"]

1. e4 c5 2. Nf3 d6 3. Bc4 Nf6 4. Nc3 e6 5. d3 Be7 6. Bg5 a6 7. 0-0 0-0 8. Re1 b5 9. Bb3 Bb7 10. d4 c4 11. e5 Nd5 12. Nxd5 Bxd5 13. c3 cxb3 14. Bxe7 Qxe7 15. Re3 bxa2 16. h4 Nd7 17. Qd3 Bxf3 18. Rxa2 0-1